[Event "16e Tournoi d'Automne - Tournoi C"]
[Site "Montigny le Bretonneux"]
[Date "2017.10.26"]
[Round "6.2"]
[White "Tanchoux, Pierre"]
[Black "Sagon, Lancelot"]
[Result "0-1"]
[WhiteElo "1260"]
[BlackElo "1401"]
[Annotator "Rivier,Sylvain"]
[PlyCount "134"]
[EventDate "2017.??.??"]

{Défense des deux cavaliers, variante principale} 1. e4 e5 2. Nf3 Nc6 3. Bc4
Nf6 4. Ng5 d5 5. exd5 Na5 6. Bb5+ c6 7. dxc6 bxc6 8. Be2 Bd6 9. Nc3 O-O 10. O-O
Bb7 11. d3 h6 12. Nge4 Nxe4 13. Nxe4 c5 14. Nxd6 Qxd6 15. Bf3 Nc6 16. Re1 Rad8
17. Bd2 Ba6 18. Bxc6 Qxc6 19. Rxe5 Bb7 20. Qg4 f5 21. Qc4+ Kh8 22. f3 Rf6 23.
Bc3 Rg6 24. Rxf5 Re8 25. Re1 Rxe1+ 26. Bxe1 Re6 27. Kf2 Qe8 28. Rf8+ Qxf8 29.
Qxe6 Qf4 30. h3 Qd4+ 31. Qe3 Qxb2 32. Qxc5 Qxa2 33. Qf8+ Kh7 34. Qf5+ Kg8 35.
Qc5 Bd5 36. Qc3 Bf7 37. Bd2 Qa4 38. Bc1 Qh4+ 39. Kg1 Qg3 40. Be3 a6 41. Bf2 Qg6
42. d4 Bd5 43. Be1 Be6 44. Qd3 Qxd3 45. cxd3 Kf7 46. Kf2 Bb3 47. Ke3 Ke6 48.
Bc3 Kd5 49. g4 g6 50. f4 Ke6 51. h4 h5 52. gxh5 gxh5 53. d5+ Bxd5 54. Kd4 Bb7
55. Kc5 Kf5 56. Be5 Kg4 57. d4 Kxh4 58. d5 Kg4 59. d6 Bc8 60. Kc6 h4 61. Kc7
Bf5 62. Kb6 h3 63. Kxa6 h2 64. d7 Bxd7 65. f5 h1=Q 66. Bf6 Qc6+ 67. Ka5 Qb5#
0-1

[Event "16e Tournoi d'Automne - Tournoi C"]
[Site "Montigny le Bretonneux"]
[Date "2017.10.26"]
[Round "6.3"]
[White "Fruchard, Alois"]
[Black "Djebab, Mohamed Larbi"]
[Result "1-0"]
[WhiteElo "1212"]
[BlackElo "1399"]
[Annotator "Rivier,Sylvain"]
[PlyCount "61"]
[EventDate "2017.??.??"]

{Défense Grünfeld, variante fermée} 1. d4 Nf6 2. c4 g6 3. Nc3 d5 4. e3 Bg7 5.
Nf3 O-O 6. Bd3 dxc4 7. Bxc4 c5 8. O-O Nc6 9. d5 Na5 10. Be2 Qc7 11. Qc2 e6 12.
Nb5 Qb8 13. d6 a6 14. Nc7 b6 15. Nxa8 Qxa8 16. e4 Nxe4 17. Bf4 e5 18. Bxe5 Bxe5
19. Nxe5 Nxd6 20. Rad1 Nf5 21. Bf3 Bb7 22. Bxb7 Qxb7 23. Rd7 Nd4 24. Qd2 Qa8
25. b4 Nac6 26. bxc5 Nxe5 27. Rxd4 bxc5 28. Rd5 Re8 29. Rxc5 Rd8 30. Qc3 Qe4
31. Rxe5 1-0

[Event "16e Tournoi d'Automne - Tournoi C"]
[Site "Montigny le Bretonneux"]
[Date "2017.10.26"]
[Round "6.4"]
[White "Branson, James"]
[Black "Bastin, Eugene"]
[Result "1-0"]
[WhiteElo "1525"]
[BlackElo "1245"]
[Annotator "Rivier,Sylvain"]
[PlyCount "93"]
[EventDate "2017.??.??"]

{Gambit du roi} 1. e4 e5 2. f4 Nc6 3. Bc4 Nf6 4. d3 Bc5 5. Nf3 d6 6. c3 Bg4 7.
h3 Bxf3 8. Qxf3 a6 9. b4 Ba7 10. Be3 Bxe3 11. Qxe3 Qd7 12. O-O O-O 13. Nd2 Rad8
14. Nf3 b5 15. Bb3 h6 16. Rad1 Rfe8 17. fxe5 dxe5 18. Nh4 Ne7 19. d4 exd4 20.
Rxd4 Qc6 21. Bxf7+ Kxf7 22. e5 Ned5 23. Qf3 Rxe5 24. Qd3 Kg8 25. Nf5 Rd7 26.
Qg3 Kh7 27. Qxe5 Qxc3 28. Qe1 Qc6 29. Rh4 Nc3 30. Qe3 Nce4 31. Ng3 Nxg3 32.
Qxg3 Qc2 33. a3 Rd3 34. Rf3 Rd1+ 35. Kh2 Qc1 36. Qf2 Rh1+ 37. Kg3 Qb1 38. Re3
Rf1 39. Qe2 Qg6+ 40. Kh2 Rc1 41. Qd3 Rc6 42. Qxg6+ Kxg6 43. Rd4 Rc2 44. Red3 c5
45. bxc5 Rxc5 46. g4 Rc6 47. Kg3 1-0

[Event "16e Tournoi d'Automne - Tournoi C"]
[Site "Montigny le Bretonneux"]
[Date "2017.10.26"]
[Round "6.5"]
[White "Agapov, Klimentiy"]
[Black "Baltzer, Jean-Marc"]
[Result "0-1"]
[WhiteElo "1290"]
[BlackElo "1377"]
[Annotator "Rivier,Sylvain"]
[PlyCount "144"]
[EventDate "2017.??.??"]

{Défense Alekhine, variante moderne} 1. e4 Nf6 2. e5 Nd5 3. c4 Nb6 4. d4 d6 5.
Nf3 Bg4 6. Bf4 dxe5 7. Bxe5 Nc6 8. c5 Nxe5 9. cxb6 Ng6 10. d5 cxb6 11. h3 Bd7
12. Qb3 Qc7 13. Nc3 a6 14. Bd3 Ne5 15. Nxe5 Qxe5+ 16. Be2 b5 17. Nd1 g6 18. Ne3
Bg7 19. Rb1 O-O 20. O-O Rad8 21. Rfd1 Bc8 22. Bf3 Rd6 23. Qd3 Rfd8 24. b4 b6
25. Qb3 Bb7 26. Rd2 e6 27. Rbd1 h5 28. g4 Bh6 29. Rd3 Bxe3 30. Rxe3 Qf6 31.
Red3 hxg4 32. hxg4 exd5 33. Bxd5 Bxd5 34. Rxd5 Rxd5 35. Rxd5 Rxd5 36. Qxd5 Qe6
37. Qa8+ Kg7 38. Qxa6 Qxg4+ 39. Kh1 Qxb4 40. Qxb6 Qc4 41. Qa7 Qa4 42. Qd7 Qxa2
43. Qd4+ f6 44. Qd7+ Qf7 45. Qxb5 Qc7 46. Kg2 Qe7 47. Qd3 f5 48. Qd4+ Qf6 49.
Qxf6+ Kxf6 50. f3 Kg5 51. Kg3 f4+ 52. Kh3 Kh5 53. Kg2 Kh4 54. Kh2 g5 55. Kg2 g4
56. Kf2 g3+ 57. Kg2 Kg5 58. Kh3 Kf5 59. Kg2 Ke5 60. Kf1 Kd4 61. Ke2 Kc4 62. Ke1
Kd3 63. Kf1 Ke3 64. Kg2 Ke2 65. Kg1 Kxf3 66. Kf1 Kg4 67. Kg1 f3 68. Kf1 Kh3 69.
Kg1 f2+ 70. Kf1 Kh2 71. Ke2 Kg2 72. Ke3 f1=Q 0-1

[Event "16e Tournoi d'Automne - Tournoi C"]
[Site "Montigny le Bretonneux"]
[Date "2017.10.27"]
[Round "7.1"]
[White "Longbien, Dominique"]
[Black "Agapov, Klimentiy"]
[Result "0-1"]
[WhiteElo "1487"]
[BlackElo "1290"]
[Annotator "Rivier,Sylvain"]
[PlyCount "94"]
[EventDate "2017.??.??"]

{Défense sicilienne, variante Paulsen} 1. e4 c5 2. Nf3 e6 3. Be2 a6 4. O-O Qc7
5. d4 cxd4 6. Nxd4 b5 7. c3 Bb7 8. Bf3 Bc5 9. Nd2 Nc6 10. N2b3 Bb6 11. Nxc6
Qxc6 12. Bf4 f6 13. Qd2 e5 14. Bg3 Ne7 15. Rad1 O-O-O 16. Rfe1 Qc4 17. Bg4 Bc6
18. Qd6 Ng6 19. Qd2 Nf8 20. Qe2 Qxe2 21. Rxe2 Kc7 22. Red2 Bxe4 23. Rd6 Bc2 24.
R1d2 Bxb3 25. axb3 h5 26. Bf3 h4 27. Bxe5 fxe5 28. c4 b4 29. R6d5 d6 30. h3 Ne6
31. Bg4 Nf4 32. c5 Bxc5 33. Rxc5+ dxc5 34. Rc2 Kb6 35. Rc4 Rd4 36. Rc2 Rhd8 37.
g3 hxg3 38. fxg3 Ng6 39. Re2 Rd1+ 40. Kf2 R1d2 41. Rxd2 Rxd2+ 42. Ke3 Rxb2 43.
Be6 a5 44. Ke4 Kc6 45. Bf7 Ne7 46. Kxe5 Re2+ 47. Kf4 Rf2+ 0-1

[Event "16e Tournoi d'Automne - Tournoi C"]
[Site "Montigny le Bretonneux"]
[Date "2017.10.27"]
[Round "7.2"]
[White "Bastin, Eugene"]
[Black "Tanchoux, Pierre"]
[Result "0-1"]
[WhiteElo "1245"]
[BlackElo "1260"]
[Annotator "Rivier,Sylvain"]
[PlyCount "106"]
[EventDate "2017.??.??"]

{Défense sicilienne, variante Alapine} 1. e4 c5 2. c3 d6 3. d4 cxd4 4. cxd4 e6
5. Nc3 Nf6 6. Nf3 a6 7. Be2 Be7 8. O-O O-O 9. Bg5 Nfd7 10. Bd2 b5 11. a3 Bb7
12. Rc1 Nf6 13. Bd3 Nbd7 14. Re1 Nb6 15. e5 dxe5 16. Rxe5 Nfd5 17. Qc2 g6 18.
Bh6 Re8 19. Qd2 Rc8 20. Ree1 Nxc3 21. bxc3 Bxf3 22. gxf3 Bxa3 23. Ra1 Bb2 24.
Qxb2 Na4 25. Rxa4 bxa4 26. Bxa6 Rb8 27. Qd2 a3 28. Qa2 Qa5 29. Qc4 a2 30. Ra1
Rb1+ 31. Rxb1 axb1=Q+ 32. Kg2 Qba2 33. Qc6 Qd8 34. Bd3 Qad5 35. Qa6 e5 36. Bc4
Q5d6 37. Bxf7+ Kxf7 38. Qc4+ Qd5 39. Qa6 g5 40. h4 Re6 41. Qa7+ Q5d7 42. Qa2
exd4 43. Bxg5 Qg8 44. cxd4 Qxd4 45. Qa5 Qxh4 46. Qf5+ Ke8 47. Qb5+ Kf8 48. Qf5+
Qf7 49. Qc5+ Qe7 50. Bxe7+ Qxe7 51. Qf5+ Rf6 52. Qc8+ Kg7 53. Qg4+ Rg6 0-1

[Event "16e Tournoi d'Automne - Tournoi C"]
[Site "Montigny le Bretonneux"]
[Date "2017.10.27"]
[Round "7.3"]
[White "Baltzer, Jean-Marc"]
[Black "Fruchard, Alois"]
[Result "0-1"]
[WhiteElo "1377"]
[BlackElo "1212"]
[Annotator "Rivier,Sylvain"]
[PlyCount "102"]
[EventDate "2017.??.??"]

{Ouverture anglaise, variante Botvinnik} 1. c4 Nf6 2. Nc3 g6 3. e4 d6 4. g3 Bg7
5. Bg2 O-O 6. h3 c5 7. Nge2 Nc6 8. O-O a6 9. Kh2 Bd7 10. d4 Ne8 11. d5 Na5 12.
b3 b5 13. cxb5 axb5 14. Rb1 b4 15. Na4 Nc7 16. Nb6 Rb8 17. Nxd7 Qxd7 18. Bb2
Bxb2 19. Rxb2 e5 20. f4 f6 21. f5 Nb5 22. Qd2 g5 23. Rh1 Rf7 24. Bf1 Nd4 25.
Nxd4 exd4 26. Be2 Re7 27. Bd3 Qc7 28. Qe2 Qa7 29. Kg2 h6 30. Qh5 Rh7 31. h4 Qf7
32. Qg6+ Qxg6 33. fxg6 Rc7 34. h5 c4 35. bxc4 Nxc4 36. Rc2 Ne3+ 37. Kf3 Nxc2
38. Rc1 b3 39. axb3 Rxb3 40. Ke2 Rbc3 41. Kd2 Nb4 42. Rxc3 dxc3+ 43. Ke3 Nxd3
44. Kf3 c2 45. Kg4 c1=Q 46. Kf5 Qc3 47. e5 Qxe5+ 48. Kg4 Rc4+ 49. Kh3 Qe3 50.
Kh2 Qf3 51. Kg1 Qf2+ 0-1

[Event "16e Tournoi d'Automne - Tournoi C"]
[Site "Montigny le Bretonneux"]
[Date "2017.10.27"]
[Round "7.4"]
[White "Sagon, Lancelot"]
[Black "Couradin, Jean-Marie"]
[Result "0-1"]
[WhiteElo "1401"]
[BlackElo "1638"]
[Annotator "Rivier,Sylvain"]
[PlyCount "154"]
[EventDate "2017.??.??"]

{Défense sicilienne, fianchetto accéléré} 1. e4 c5 2. Nf3 Nc6 3. d4 cxd4 4.
Nxd4 g6 5. Be3 Bg7 6. g3 Nf6 7. Bg2 d6 8. c3 Ng4 9. Qd2 Nxe3 10. Qxe3 Qb6 11.
Nb3 Qxe3+ 12. fxe3 Ne5 13. Ke2 Bg4+ 14. Kd2 Nc4+ 15. Kd3 Nxb2+ 16. Kc2 Nc4 17.
Re1 Rc8 18. N3d2 b5 19. Nxc4 Rxc4 20. a3 O-O 21. Ra2 Rfc8 22. Kd3 Be6 23. Rc2
a5 24. Rec1 R4c7 25. Nd2 a4 26. h3 Bb3 27. Nxb3 axb3 28. Rb2 Rxc3+ 29. Rxc3
Rxc3+ 30. Kd2 Rxe3 31. Kxe3 Bxb2 32. Bf1 Bxa3 33. Bxb5 Bc1+ 34. Kd4 Kg7 35. e5
dxe5+ 36. Kxe5 Bb2+ 37. Ke4 Bf6 38. g4 b2 39. Bd3 h5 40. gxh5 gxh5 41. Kf5 e6+
42. Kf4 Kh6 43. Bc2 Be7 44. Bd3 Bd6+ 45. Kf3 Kg5 46. Bc2 f5 47. Bb1 Kh4 48. Kg2
f4 49. Bc2 f3+ 50. Kxf3 Kxh3 51. Bb1 h4 52. Bc2 Kh2 53. Kf2 Bc5+ 54. Kf3 h3 55.
Kg4 Kg1 56. Kxh3 Kf2 57. Kg4 Ke3 58. Bb1 e5 59. Kf5 Bd4 60. Ke6 Kd2 61. Kd5 Kc1
62. Be4 b1=Q 63. Bxb1 Kxb1 64. Ke4 Kc2 65. Kf3 Kd3 66. Kg2 e4 67. Kf1 Kd2 68.
Kg2 e3 69. Kg1 e2+ 70. Kg2 e1=Q 71. Kf3 Qe3+ 72. Kg2 Qf2+ 73. Kh3 Qg1 74. Kh4
Ke3 75. Kh5 Kf4 76. Kh6 Kf5 77. Kh7 Qg6# 0-1

[Event "16e Tournoi d'Automne - Tournoi C"]
[Site "Montigny le Bretonneux"]
[Date "2017.10.27"]
[Round "7.5"]
[White "Djebab, Mohamed Larbi"]
[Black "Branson, James"]
[Result "0-1"]
[WhiteElo "1399"]
[BlackElo "1525"]
[Annotator "Rivier,Sylvain"]
[PlyCount "97"]
[EventDate "2017.??.??"]

{Ouverture catalane, variante fermée} 1. c4 Nf6 2. g3 e6 3. d4 d5 4. cxd5 Qxd5
5. Nf3 Bb4+ 6. Nc3 c5 7. Bg2 Nc6 8. O-O Qh5 9. a3 cxd4 10. axb4 dxc3 11. bxc3
O-O 12. b5 Qxb5 13. Nd4 Nxd4 14. cxd4 Bd7 15. Ba3 Rfe8 16. Qd2 Bc6 17. Rfb1 Qh5
18. Bxc6 bxc6 19. Bc5 Ne4 20. Qc2 Nxc5 21. Qxc5 Qxc5 22. dxc5 a5 23. Ra4 Ra6
24. Rb6 Rea8 25. Kg2 Kf8 26. Kf3 Ke7 27. Ke4 Kd8 28. Rb7 R8a7 29. Rb8+ Ke7 30.
Rb6 Rxb6 31. cxb6 Rb7 32. Rxa5 Rxb6 33. Ra7+ Kf6 34. Rc7 Rb2 35. Rxc6 Rxe2+ 36.
Kf3 Re1 37. Rc5 g5 38. Kg2 h5 39. h4 e5 40. hxg5+ Kxg5 41. f4+ Kf5 42. Rxe5+
Rxe5 43. fxe5 Kxe5 44. Kf3 f5 45. Kg2 Ke4 46. Kh3 Kf3 47. Kh4 Kg2 48. Kg5 Kxg3
49. Kxf5 0-1

[Event "16e Tournoi d'Automne - Tournoi C"]
[Site "Montigny le Bretonneux"]
[Date "2017.10.28"]
[Round "8.1"]
[White "Fruchard, Alois"]
[Black "Longbien, Dominique"]
[Result "0-1"]
[WhiteElo "1212"]
[BlackElo "1487"]
[Annotator "Rivier,Sylvain"]
[PlyCount "82"]
[EventDate "2017.??.??"]

{Défense Grünfeld, variante fermée} 1. d4 Nf6 2. c4 g6 3. Nc3 d5 4. e3 Bg7 5.
Nf3 Bg4 6. Be2 O-O 7. O-O c6 8. b3 Nbd7 9. Bb2 Re8 10. h3 Bxf3 11. Bxf3 dxc4
12. bxc4 e5 13. d5 cxd5 14. cxd5 Nb6 15. e4 Nc4 16. Rb1 Qc7 17. Qc2 Rec8 18.
Be2 Na3 19. Bxa3 Qxc3 20. Qxc3 Rxc3 21. Bb2 Rc2 22. Bd3 Rc7 23. Bxe5 Re7 24.
Bxf6 Bxf6 25. Rfe1 Be5 26. h4 h6 27. g3 b6 28. f4 Bd4+ 29. Kg2 Rc8 30. Rbc1
Rec7 31. Rxc7 Rxc7 32. d6 Rc3 33. d7 Bf6 34. e5 Rxd3 35. exf6 Rxd7 36. Re8+ Kh7
37. Kf3 a5 38. Ke4 Rd2 39. a4 Re2+ 40. Kd5 Rxe8 41. Kc6 Re6+ 0-1

[Event "16e Tournoi d'Automne - Tournoi C"]
[Site "Montigny le Bretonneux"]
[Date "2017.10.28"]
[Round "8.2"]
[White "Branson, James"]
[Black "Tanchoux, Pierre"]
[Result "0-1"]
[WhiteElo "1525"]
[BlackElo "1260"]
[Annotator "Rivier,Sylvain"]
[PlyCount "108"]
[EventDate "2017.??.??"]

{Ouverture irrégulière} 1. d3 d5 2. g3 e5 3. Bg2 Nf6 4. Bg5 Be7 5. Nc3 d4 6.
Ne4 Nxe4 7. Bxe7 Nxf2 8. Bxd8 Nxd1 9. Bxc7 Ne3 10. Kf2 Nxg2 11. Kxg2 Nc6 12.
Bd6 b6 13. Nf3 f6 14. Rhf1 Bb7 15. Kg1 Na5 16. Rac1 Bxf3 17. Rxf3 Rc8 18. c3
dxc3 19. Rxc3 Rxc3 20. bxc3 Kf7 21. Bxe5 Re8 22. Bf4 Rxe2 23. Rf2 Rxf2 24. Kxf2
Ke6 25. Bc1 Nc6 26. h3 g6 27. Ke3 b5 28. a3 a5 29. Bd2 a4 30. c4 bxc4 31. dxc4
Ne5 32. Kd4 Nf3+ 33. Kc3 Kd6 34. Bh6 f5 35. Kb4 Ne5 36. Bf4 Ke6 37. Bxe5 Kxe5
38. Kxa4 g5 39. Kb5 f4 40. gxf4+ gxf4 41. c5 f3 42. c6 f2 43. c7 f1=Q+ 44. Kb6
Qf2+ 45. Kb7 Qf3+ 46. Kb8 Qb3+ 47. Kc8 Kd6 48. h4 Qc3 49. Kb8 Qxc7+ 50. Ka8
Qa5+ 51. Kb7 Qxa3 52. h5 Kd7 53. h6 Qb2+ 54. Ka6 Kc6 0-1

[Event "16e Tournoi d'Automne - Tournoi C"]
[Site "Montigny le Bretonneux"]
[Date "2017.10.28"]
[Round "8.3"]
[White "Couradin, Jean-Marie"]
[Black "Bastin, Eugene"]
[Result "1-0"]
[WhiteElo "1638"]
[BlackElo "1245"]
[Annotator "Rivier,Sylvain"]
[PlyCount "91"]
[EventDate "2017.??.??"]

{Partie du pion dame} 1. d4 d5 2. Nf3 Nf6 3. e3 Bg4 4. c3 Qd7 5. Be2 a6 6. Nbd2
Nc6 7. Qc2 Bf5 8. Bd3 Bxd3 9. Qxd3 g6 10. O-O Bg7 11. b3 b5 12. Bb2 O-O 13. a3
Rfb8 14. Rfe1 e6 15. b4 Re8 16. Nb3 Ne4 17. Nfd2 f5 18. Nxe4 fxe4 19. Qe2 Qe7
20. Qg4 Rf8 21. f4 exf3 22. gxf3 Qf6 23. Rf1 Ne7 24. e4 h5 25. Qg3 Ra7 26. Bc1
Kh7 27. Bg5 Qf7 28. Ra2 c6 29. Raf2 Bh6 30. Nc5 Qg8 31. Qe5 Bxg5 32. Qxg5 Nc8
33. Nd3 Raf7 34. Ne5 Rc7 35. Rg2 Ne7 36. Kf2 Qg7 37. Rfg1 Qf6 38. Qxf6 Rxf6 39.
Ke3 Rc8 40. Rg3 Rc7 41. Rh3 dxe4 42. fxe4 Kg7 43. Rxh5 Rf8 44. Rhg5 Rf6 45. h4
Kh6 46. Ng4+ 1-0

[Event "16e Tournoi d'Automne - Tournoi C"]
[Site "Montigny le Bretonneux"]
[Date "2017.10.28"]
[Round "8.4"]
[White "Agapov, Klimentiy"]
[Black "Sagon, Lancelot"]
[Result "0-1"]
[WhiteElo "1290"]
[BlackElo "1401"]
[Annotator "Rivier,Sylvain"]
[PlyCount "38"]
[EventDate "2017.??.??"]

{Partie des quatre cavaliers, variante écossaise} 1. e4 e5 2. Nf3 Nc6 3. Nc3
Nf6 4. d3 d5 5. Bg5 d4 6. Bxf6 Qxf6 7. Nd5 Qd8 8. g3 Be6 9. c4 dxc3 10. Nxc3
Bb4 11. Bg2 O-O 12. O-O Bg4 13. Nd5 Bc5 14. Qc2 Bb6 15. Qc3 Bxf3 16. Bxf3 Nd4
17. Bg2 Ne2+ 18. Kh1 Nxc3 19. bxc3 c6 0-1

[Event "16e Tournoi d'Automne - Tournoi C"]
[Site "Montigny le Bretonneux"]
[Date "2017.10.28"]
[Round "8.5"]
[White "Djebab, Mohamed Larbi"]
[Black "Baltzer, Jean-Marc"]
[Result "1-0"]
[WhiteElo "1399"]
[BlackElo "1377"]
[Annotator "Rivier,Sylvain"]
[PlyCount "95"]
[EventDate "2017.??.??"]

{Ouverture  Ouverture anglaise} 1. c4 Nf6 2. g3 e5 3. Bg2 Bc5 4. Nc3 Ng4 5. e3
d6 6. Nge2 O-O 7. O-O f5 8. d4 Bb4 9. a3 Bxc3 10. Nxc3 e4 11. f3 exf3 12. Rxf3
c6 13. d5 Bd7 14. h3 Ne5 15. Rf2 Nxc4 16. b3 Ne5 17. dxc6 Bxc6 18. Nd5 Na6 19.
Qc2 Qd7 20. Bb2 Rac8 21. Qd2 Nc5 22. Rd1 Nxb3 23. Qb4 Nc5 24. Bxe5 Na6 25. Qxd6
Qxd6 26. Bxd6 Bxd5 27. Bxd5+ Kh8 28. Bxb7 Rcd8 29. Bxa6 Rf6 30. Rfd2 h6 31. Be2
Re6 32. Bc5 Rxd2 33. Rxd2 Rc6 34. Bxa7 Rc1+ 35. Rd1 Rc3 36. Bd4 Rxa3 37. Ra1
Rb3 38. Ra7 Rb1+ 39. Kg2 Re1 40. Bd3 Kg8 41. Rxg7+ Kf8 42. Bxf5 Rxe3 43. Bxe3
Kxg7 44. Bd4+ Kf7 45. Kf3 Ke7 46. Kg4 Kd6 47. Kh5 Kd5 48. Ba1 1-0

[Event "16e Tournoi d'Automne - Tournoi C"]
[Site "Montigny le Bretonneux"]
[Date "2017.10.29"]
[Round "9.1"]
[White "Longbien, Dominique"]
[Black "Djebab, Mohamed Larbi"]
[Result "1/2-1/2"]
[WhiteElo "1487"]
[BlackElo "1399"]
[Annotator "Rivier,Sylvain"]
[PlyCount "74"]
[EventDate "2017.??.??"]

{Ouverture anglaise, variante Botvinnik} 1. c4 c5 2. g3 Nc6 3. Nc3 Nf6 4. Bg2
g6 5. e3 Bg7 6. Nge2 d6 7. O-O a6 8. Rb1 Rb8 9. Nf4 Bd7 10. Nfd5 O-O 11. a3 b5
12. cxb5 axb5 13. b4 Nxd5 14. Nxd5 Bf5 15. Rb3 Be6 16. Bb2 c4 17. Bxg7 Bxd5 18.
Bxd5 Kxg7 19. Rc3 Ne5 20. d4 Nd3 21. a4 e6 22. Bc6 d5 23. Qe2 bxa4 24. Bxa4
Rxb4 25. Bc2 Rb2 26. Qd1 Qa5 27. Qa1 Qa2 28. Qxa2 Rxa2 29. Bxd3 cxd3 30. Rxd3
Rb8 31. Kg2 Rbb2 32. Rdd1 h5 33. h4 Rc2 34. Rfe1 f5 35. Kf3 Kf6 36. Rb1 Rd2 37.
Rb6 Rac2 1/2-1/2

[Event "16e Tournoi d'Automne - Tournoi C"]
[Site "Montigny le Bretonneux"]
[Date "2017.10.29"]
[Round "9.2"]
[White "Tanchoux, Pierre"]
[Black "Couradin, Jean-Marie"]
[Result "0-1"]
[WhiteElo "1260"]
[BlackElo "1638"]
[Annotator "Rivier,Sylvain"]
[PlyCount "44"]
[EventDate "2017.??.??"]

{Défense sicilienne, variante Rossolimo} 1. e4 c5 2. Nf3 Nc6 3. Bc4 Qc7 4. Nc3
e6 5. O-O Nf6 6. Re1 d6 7. Bb5 Bd7 8. d4 cxd4 9. Nxd4 Be7 10. Nxc6 bxc6 11. Be2
O-O 12. Kh1 Rab8 13. b3 d5 14. Bf3 Bd6 15. g3 Be5 16. Bf4 Bxf4 17. gxf4 Qxf4
18. exd5 cxd5 19. Bg2 Ng4 20. Kg1 Qxf2+ 21. Kh1 Qh4 22. Bh3 Nf2+ 0-1

[Event "16e Tournoi d'Automne - Tournoi C"]
[Site "Montigny le Bretonneux"]
[Date "2017.10.29"]
[Round "9.3"]
[White "Sagon, Lancelot"]
[Black "Fruchard, Alois"]
[Result "1-0"]
[WhiteElo "1401"]
[BlackElo "1212"]
[Annotator "Rivier,Sylvain"]
[PlyCount "107"]
[EventDate "2017.??.??"]

{Défense française, variante d'échange} 1. e4 e6 2. d4 d5 3. exd5 exd5 4. Bd3
Nf6 5. Nf3 Nc6 6. O-O Be7 7. Bg5 O-O 8. Nbd2 h6 9. Bxf6 Bxf6 10. c3 Re8 11. Qc2
Bg4 12. Rfe1 Qd6 13. h3 Bxf3 14. Nxf3 Rad8 15. Re2 Rxe2 16. Qxe2 Ne7 17. Re1 c5
18. dxc5 Qxc5 19. Nd4 Nc6 20. Qe8+ Rxe8 21. Rxe8+ Qf8 22. Rxf8+ Kxf8 23. Nxc6
bxc6 24. f3 c5 25. Kf1 Ke7 26. Ke2 d4 27. cxd4 cxd4 28. b3 Kd6 29. Bc4 Ke7 30.
Kd3 g5 31. Ke4 Bg7 32. Kd5 Kd7 33. Kc5 f5 34. Kb5 Kc7 35. Ka6 Kb8 36. b4 Bf8
37. b5 Bc5 38. a4 h5 39. Bd3 f4 40. a5 Bb4 41. b6 axb6 42. Kxb6 Ka8 43. a6 Bd6
44. a7 Bc5+ 45. Kxc5 Kxa7 46. Kxd4 Kb6 47. Ke5 Kc5 48. Kf5 Kd4 49. Bf1 Ke3 50.
Kxg5 Kf2 51. Kxh5 Kxf1 52. Kg4 Kf2 53. h4 Kxg2 54. h5 1-0

[Event "16e Tournoi d'Automne - Tournoi C"]
[Site "Montigny le Bretonneux"]
[Date "2017.10.29"]
[Round "9.4"]
[White "Baltzer, Jean-Marc"]
[Black "Branson, James"]
[Result "0-1"]
[WhiteElo "1377"]
[BlackElo "1525"]
[Annotator "Rivier,Sylvain"]
[PlyCount "78"]
[EventDate "2017.??.??"]

{Ouverture anglaise, variante Mikenas-Carls} 1. c4 Nf6 2. Nc3 e6 3. e4 Nc6 4.
g3 Bc5 5. Bg2 O-O 6. h3 Re8 7. Nge2 e5 8. O-O d6 9. d3 Nd4 10. Kh2 c6 11. f4 g6
12. Nxd4 Bxd4 13. Ne2 Qb6 14. Rb1 exf4 15. gxf4 Nh5 16. b3 Be3 17. Bxe3 Qxe3
18. Rf3 Qb6 19. Qd2 f5 20. Rff1 Ng7 21. Bf3 Qd8 22. Kg3 Qf6 23. Rh1 Rf8 24. h4
fxe4 25. dxe4 Ne6 26. Rbg1 Bd7 27. Qxd6 Qf7 28. Qd2 Rae8 29. Qe3 b6 30. Rd1 Ng7
31. Rd6 Nf5+ 32. exf5 Rxe3 33. fxg6 hxg6 34. Kf2 Rfe8 35. Rg1 R8e6 36. Rd4 Qe7
37. Rd2 Qxh4+ 38. Rg3 Be8 39. f5 Rxf3+ 0-1

[Event "16e Tournoi d'Automne - Tournoi C"]
[Site "Montigny le Bretonneux"]
[Date "2017.10.29"]
[Round "9.5"]
[White "Bastin, Eugene"]
[Black "Agapov, Klimentiy"]
[Result "0-1"]
[WhiteElo "1245"]
[BlackElo "1290"]
[Annotator "Rivier,Sylvain"]
[PlyCount "70"]
[EventDate "2017.??.??"]

{Gambit dame, défense Tchigorine} 1. d4 d5 2. c4 Nf6 3. Nc3 Nc6 4. e3 Bf5 5. a3
e6 6. Bd3 Bxd3 7. Qxd3 Bd6 8. e4 Be7 9. cxd5 exd5 10. e5 Ne4 11. Nge2 Nxc3 12.
bxc3 f6 13. f4 O-O 14. O-O fxe5 15. dxe5 Bc5+ 16. Kh1 Kh8 17. Rf3 d4 18. Rh3 g6
19. Bb2 dxc3 20. Qxg6 Qd7 21. e6 cxb2 22. Rb1 Qg7 23. Qe4 Rad8 24. g4 Kg8 25.
Rxb2 Rd1+ 26. Kg2 h6 27. Rb5 Be7 28. Rbh5 Rf6 29. g5 Rd6 30. Kf3 Rfxe6 31. Qc2
Rxe2 32. Qc4+ Rde6 33. Rxh6 Nd4+ 34. Kg4 Rg2+ 35. Kh5 Qf7+ 0-1